[Event "SK Werther 1 - SV Kamen 1"]
[Site "NRW-Klasse, Gruppe 1 2015/201"]
[Date "2015.12.20"]
[Round "4.4"]
[White "Henkemeier, Markus"]
[Black "Kleinegger, Frank"]
[Result "1-0"]
[WhiteElo "1988"]
[BlackElo "2131"]
[PlyCount "119"]
[EventDate "2015.??.??"]
[WhiteTeam "SK Werther 1"]
[BlackTeam "SV Kamen 1"]

1. d4 d5 2. Nf3 Nf6 3. Bf4 e6 4. e3 c5 5. c3 Nc6 6. Nbd2 Bd6 7. Bxd6 Qxd6 8.
Bd3 O-O 9. O-O e5 10. dxe5 Nxe5 11. Nxe5 Qxe5 12. Nf3 Qe7 13. h3 b6 14. Re1 Bb7
15. Qe2 Rad8 16. Rad1 Ne4 17. Nd2 Nxd2 18. Rxd2 Qg5 19. Qf3 Rfe8 20. Qf5 Qh4
21. Red1 Bc8 22. Qf3 Re6 23. Bf5 Rf6 24. Qg4 Qxg4 25. Bxg4 Bxg4 26. hxg4 Rfd6
27. e4 d4 28. cxd4 cxd4 29. Kf1 Kf8 30. Rc1 R6d7 31. Ke2 Ke7 32. Rc6 f6 33. Kd3
Kf7 34. Rd1 h6 35. Rdc1 Ke7 36. R1c4 Kf7 37. Rc7 Ke6 38. f4 g5 39. R4c6+ Ke7
40. g3 gxf4 41. gxf4 Rg8 42. Rxd7+ Kxd7 43. Rxf6 Rxg4 44. Kxd4 Rg2 45. Rxh6
Rxb2 46. Rh7+ Kd6 47. Rxa7 Rb4+ 48. Ke3 Rb1 49. Kf3 Rb4 50. Rg7 Ra4 51. Rg2
Ra3+ 52. Kg4 Ke6 53. Rb2 Ra4 54. Rxb6+ Kf7 55. Kf5 Rxa2 56. Rb7+ Ke8 57. e5 Ra1
58. Kf6 Rh1 59. e6 Rh6+ 60. Ke5 1-0

[Event "SK Werther 1 - SV Kamen 1"]
[Site "NRW-Klasse, Gruppe 1 2015/201"]
[Date "2015.12.20"]
[Round "4.5"]
[White "Kilian, Ralf"]
[Black "Goecke, Karl Ulrich"]
[Result "1/2-1/2"]
[WhiteElo "2121"]
[BlackElo "2067"]
[PlyCount "86"]
[EventDate "2015.??.??"]
[WhiteTeam "SV Kamen 1"]
[BlackTeam "SK Werther 1"]

1. e4 e6 2. d4 d5 3. Nd2 h6 4. Ngf3 Nf6 5. e5 Nfd7 6. Bd3 c5 7. c3 Nc6 8. O-O
g5 9. g4 h5 10. h3 hxg4 11. hxg4 Qb6 12. Qa4 Be7 13. Re1 cxd4 14. cxd4 Nf8 15.
Qb5 Qxb5 16. Bxb5 Bd7 17. Bxc6 Bxc6 18. Nf1 Rg8 19. Ng3 Ng6 20. Nh5 Nh4 21.
Nxh4 gxh4 22. f3 Rg6 23. Bd2 Kd7 24. Kg2 Rh8 25. Kh3 Bb5 26. Rac1 Rgg8 27. Nf6+
Bxf6 28. exf6 Rc8 29. Rxc8 Rxc8 30. Kxh4 Bd3 31. Bc3 Rg8 32. Bd2 Rc8 33. Re3
Bb1 34. Ra3 a6 35. Rb3 b5 36. Ra3 Rc6 37. f4 Be4 38. Bb4 Rc4 39. Bc5 Ra4 40.
Kg3 Rxa3+ 41. bxa3 Bb1 42. g5 Bd3 43. Kf2 Bf5 1/2-1/2

[Event "SK Werther 1 - SV Kamen 1"]
[Site "NRW-Klasse, Gruppe 1 2015/201"]
[Date "2015.12.20"]
[Round "4.6"]
[White "Ortpaul, Mario"]
[Black "Georg, Heinz"]
[Result "1-0"]
[WhiteElo "1964"]
[BlackElo "2163"]
[PlyCount "77"]
[EventDate "2015.??.??"]
[WhiteTeam "SK Werther 1"]
[BlackTeam "SV Kamen 1"]

1. Nf3 f5 2. d3 Nf6 3. e4 d6 4. exf5 Bxf5 5. d4 Nc6 6. d5 Nb4 7. Nd4 Qd7 8. c4
c5 9. a3 Na6 10. Nxf5 Qxf5 11. Bd3 Qe5+ 12. Be3 g6 13. Nc3 Bh6 14. O-O Bxe3 15.
fxe3 O-O 16. Qe2 Ng4 17. Qxg4 Qxe3+ 18. Kh1 Qxd3 19. Qe6+ Kh8 20. Rfd1 Qxc4 21.
Qxe7 Rf2 22. Ne4 Re2 23. Qf6+ Kg8 24. Qe6+ Kh8 25. Qf6+ Kg8 26. Nxd6 Qg4 27.
Qf7+ Kh8 28. Qf6+ Kg8 29. Qf7+ Kh8 30. Rg1 Rb8 31. Qf6+ Kg8 32. Nf7 Qh5 33.
Raf1 Kf8 34. Ng5+ Kg8 35. Ne6 Qh6 36. d6 Rd2 37. Qf7+ Kh8 38. d7 g5 39. Qe7 1-0

[Event "SK Werther 1 - SV Kamen 1"]
[Site "NRW-Klasse, Gruppe 1 2015/201"]
[Date "2015.12.20"]
[Round "4.7"]
[White "Seepe, Udo"]
[Black "Jakovljevic, Goran"]
[Result "1-0"]
[WhiteElo "2042"]
[BlackElo "1891"]
[PlyCount "55"]
[EventDate "2015.??.??"]
[WhiteTeam "SV Kamen 1"]
[BlackTeam "SK Werther 1"]

1. Nf3 d5 2. b3 Nf6 3. Bb2 g6 4. c4 c6 5. g3 Bg7 6. Bg2 O-O 7. O-O Na6 8. d3
Nc7 9. Nbd2 Bf5 10. Rc1 Nfe8 11. Bxg7 Kxg7 12. cxd5 cxd5 13. e4 dxe4 14. dxe4
Bg4 15. Qc2 Bxf3 16. Nxf3 e6 17. Rfd1 Qe7 18. Ne5 Rd8 19. Rxd8 Qxd8 20. Rd1 Qe7
21. Rd7 Qb4 22. Rxc7 Nxc7 23. Qxc7 Qe1+ 24. Bf1 Qxe4 25. Nd7 Re8 26. Nc5 Qb4
27. Qd7 Rb8 28. Qd6 1-0

[Event "SK Werther 1 - SV Kamen 1"]
[Site "NRW-Klasse, Gruppe 1 2015/201"]
[Date "2015.12.20"]
[Round "4.8"]
[White "Hufendiek, Ekkehard"]
[Black "Bals, Jochen"]
[Result "1-0"]
[WhiteElo "1832"]
[BlackElo "1825"]
[PlyCount "97"]
[EventDate "2015.??.??"]
[WhiteTeam "SK Werther 1"]
[BlackTeam "SV Kamen 1"]

1. e4 c5 2. d4 cxd4 3. c3 Nf6 4. e5 Nd5 5. Nf3 Nc6 6. cxd4 d6 7. Bc4 Nb6 8. Bb3
dxe5 9. Nxe5 Nxe5 10. dxe5 Qxd1+ 11. Bxd1 Nc4 12. Ba4+ Bd7 13. Bxd7+ Kxd7 14.
f4 e6 15. b3 Bc5 16. Ke2 Nb6 17. Nc3 Rhd8 18. Be3 Bxe3 19. Kxe3 Nd5+ 20. Nxd5
exd5 21. f5 Rac8 22. Rac1 Rc6 23. Rhd1 Ke7 24. Rxc6 bxc6 25. Rc1 Kd7 26. Rd1 g6
27. Kf4 gxf5 28. Kxf5 Rg8 29. g4 h6 30. h4 Rg6 31. Rd4 Kc7 32. Ra4 Kb6 33. g5
c5 34. Rg4 h5 35. Rg1 c4 36. bxc4 dxc4 37. Ke4 Kc5 38. Rf1 Ra6 39. Rf5 Kb4 40.
Rxf7 Rxa2 41. Rb7+ Kc5 42. Rc7+ Kb4 43. g6 Rg2 44. g7 a5 45. Kd5 c3 46. e6 Kb3
47. e7 c2 48. e8=Q Rd2+ 49. Ke6 1-0

[Event "SK Sodingen / Castrop 1 - SF Neuenkirch"]
[Site "NRW-Klasse, Gruppe 2 2015/201"]
[Date "2015.12.20"]
[Round "4.1"]
[White "Griebl, Joern"]
[Black "Koscielski, Janusz"]
[Result "0-1"]
[WhiteElo "2213"]
[BlackElo "2280"]
[PlyCount "62"]
[EventDate "2015.??.??"]
[WhiteTeam "SF Neuenkirchen 1"]
[BlackTeam "SK Sodingen / Castrop 1"]

1. d4 Nf6 2. c4 g6 3. Nc3 Bg7 4. e4 d6 5. Be2 O-O 6. Nf3 e5 7. O-O Nc6 8. d5
Ne7 9. Ne1 Nd7 10. Be3 f5 11. f3 f4 12. Bf2 g5 13. Nd3 Ng6 14. c5 Nf6 15. cxd6
cxd6 16. Be1 h5 17. Nf2 Rf7 18. Rc1 Bf8 19. a4 Rg7 20. b4 Nh8 21. h3 Nf7 22. a5
Nh6 23. Nb5 g4 24. fxg4 hxg4 25. hxg4 Nfxg4 26. Nxg4 Nxg4 27. Bxg4 Bxg4 28. Qd3
a6 29. Na3 Qg5 30. Rc2 Qh5 31. Nc4 Be7 0-1

[Event "SK Sodingen / Castrop 1 - SF Neuenkirch"]
[Site "NRW-Klasse, Gruppe 2 2015/201"]
[Date "2015.12.20"]
[Round "4.2"]
[White "Kartsev, Soel"]
[Black "Wilde, Pierre"]
[Result "1/2-1/2"]
[WhiteElo "2224"]
[BlackElo "2235"]
[PlyCount "159"]
[EventDate "2015.??.??"]
[WhiteTeam "SK Sodingen / Castrop 1"]
[BlackTeam "SF Neuenkirchen 1"]

1. c4 e6 2. g3 Nf6 3. Nf3 b6 4. Bg2 Bb7 5. O-O c5 6. Nc3 d6 7. d4 cxd4 8. Qxd4
a6 9. Bg5 Nbd7 10. Rfd1 Be7 11. Nd2 Bxg2 12. Kxg2 O-O 13. Nde4 Qc7 14. Rac1
Rad8 15. f3 h6 16. Nxf6+ Nxf6 17. Be3 Rb8 18. b3 Qb7 19. a4 Rfd8 20. Bf2 Nd7
21. Rc2 Nc5 22. b4 Nd7 23. h3 Ne5 24. Be3 Rdc8 25. Ne4 Nxc4 26. Rxc4 Rxc4 27.
Qxc4 d5 28. Qc2 dxe4 29. b5 axb5 30. axb5 exf3+ 31. exf3 Rc8 32. Qe4 Qxe4 33.
fxe4 Rc2+ 34. Kf3 Bc5 35. Bxc5 Rxc5 36. Rb1 g6 37. h4 Kg7 38. Ke3 Kf6 39. Kd4
h5 40. Rb2 e5+ 41. Kd3 Ke6 42. Rb1 Kd6 43. Rf1 Ke6 44. Rb1 f5 45. Rb3 Rc1 46.
Ra3 fxe4+ 47. Kxe4 Rc4+ 48. Kf3 Rb4 49. Ra8 Rxb5 50. Re8+ Kf7 51. Rb8 Rb4 52.
Ke3 Ke6 53. Kf3 Rb3+ 54. Ke4 Rb4+ 55. Kf3 Kd5 56. Rd8+ Kc5 57. Rc8+ Kb5 58. Re8
Rg4 59. Rxe5+ Kc4 60. Re3 b5 61. Ke2 b4 62. Kd2 Rd4+ 63. Kc2 Rd6 64. Re4+ Kb5
65. g4 hxg4 66. Rxg4 Ka4 67. Rg3 Rf6 68. Kb2 Rf2+ 69. Kb1 Rf6 70. Kb2 Rb6 71.
Rg5 Rf6 72. Rg3 Rf2+ 73. Kb1 Rh2 74. Rxg6 Ka3 75. Rg1 b3 76. h5 Rxh5 77. Rf1
Rh3 78. Rg1 b2 79. Rf1 Rc3 80. Rg1 1/2-1/2

[Event "SK Sodingen / Castrop 1 - SF Neuenkirch"]
[Site "NRW-Klasse, Gruppe 2 2015/201"]
[Date "2015.12.20"]
[Round "4.3"]
[White "Beckmann, Klaus"]
[Black "Waldschmidt, Georg"]
[Result "0-1"]
[WhiteElo "2209"]
[BlackElo "2227"]
[PlyCount "34"]
[EventDate "2015.??.??"]
[WhiteTeam "SF Neuenkirchen 1"]
[BlackTeam "SK Sodingen / Castrop 1"]

1. b3 e5 2. Bb2 Nc6 3. c4 Nf6 4. e3 Bc5 5. a3 d5 6. cxd5 Nxd5 7. Qc2 Qe7 8. Bc4
Nb6 9. Bd3 O-O 10. Bxh7+ Kh8 11. Bf5 Nd4 12. exd4 exd4+ 13. Kd1 Re8 14. Nf3
Qe2+ 15. Kc1 Qxf2 16. Qd3 Nd5 17. Rf1 Bxf5 0-1

[Event "SK Sodingen / Castrop 1 - SF Neuenkirch"]
[Site "NRW-Klasse, Gruppe 2 2015/201"]
[Date "2015.12.20"]
[Round "4.4"]
[White "Graw, Christopher"]
[Black "Rieke, Theo"]
[Result "1-0"]
[WhiteElo "2184"]
[BlackElo "2015"]
[PlyCount "59"]
[EventDate "2015.??.??"]
[WhiteTeam "SK Sodingen / Castrop 1"]
[BlackTeam "SF Neuenkirchen 1"]

1. e4 e5 2. f4 exf4 3. Nf3 d6 4. Bc4 h6 5. b3 Nc6 6. Bb2 Nf6 7. Nc3 Bg4 8. Qe2
Be7 9. O-O-O Ne5 10. d4 Nxc4 11. bxc4 Nd7 12. Nd5 c6 13. Nxf4 Bg5 14. g3 Qa5
15. h3 Bxf3 16. Qxf3 Qxa2 17. e5 dxe5 18. dxe5 Nb6 19. e6 O-O 20. h4 Bxf4+ 21.
gxf4 Nxc4 22. Bxg7 fxe6 23. Rhg1 Rf5 24. Qg3 Qa3+ 25. Qxa3 Nxa3 26. Bb2+ Kf7
27. Bxa3 Rxf4 28. Rd7+ Kf6 29. Rxb7 Kf5 30. Rf7+ 1-0

[Event "SK Sodingen / Castrop 1 - SF Neuenkirch"]
[Site "NRW-Klasse, Gruppe 2 2015/201"]
[Date "2015.12.20"]
[Round "4.7"]
[White "Haves, Reinhard"]
[Black "Hille, Ralph Ingo"]
[Result "1/2-1/2"]
[WhiteElo "2113"]
[BlackElo "2043"]
[PlyCount "51"]
[EventDate "2015.??.??"]
[WhiteTeam "SF Neuenkirchen 1"]
[BlackTeam "SK Sodingen / Castrop 1"]

1. d4 b5 2. Nf3 Bb7 3. g3 e6 4. Bg2 c5 5. O-O Nf6 6. c3 a6 7. Bf4 cxd4 8. cxd4
Be7 9. Nc3 O-O 10. Rc1 d6 11. a3 Nbd7 12. Ne1 Bxg2 13. Nxg2 d5 14. Qd3 Rc8 15.
e4 dxe4 16. Nxe4 Qb6 17. Ne3 Nxe4 18. Qxe4 Nf6 19. Qd3 Rfd8 20. Be5 Qb7 21. Qb3
Qf3 22. Rxc8 Rxc8 23. Bxf6 Bxf6 24. d5 exd5 25. Qxd5 Qxd5 26. Nxd5 1/2-1/2

[Event "SK Sodingen / Castrop 1 - SF Neuenkirch"]
[Site "NRW-Klasse, Gruppe 2 2015/201"]
[Date "2015.12.20"]
[Round "4.8"]
[White "Schippan, Bernhard"]
[Black "Hachmeister, Dirk"]
[Result "0-1"]
[WhiteElo "2140"]
[BlackElo "2154"]
[PlyCount "70"]
[EventDate "2015.??.??"]
[WhiteTeam "SK Sodingen / Castrop 1"]
[BlackTeam "SF Neuenkirchen 1"]

1. e4 c6 2. Nf3 d6 3. d4 Nf6 4. Nc3 Bg4 5. h3 Bh5 6. Bd3 e6 7. Bg5 Qa5 8. Bd2
Nbd7 9. Nd5 Qd8 10. Nf4 Bg6 11. Nxg6 hxg6 12. Qe2 e5 13. dxe5 dxe5 14. Bc3 Bd6
15. Bc4 Qe7 16. O-O-O b5 17. Bb3 Nc5 18. Ng5 Nxb3+ 19. cxb3 O-O-O 20. Kb1 Kb7
21. Nf3 Nd7 22. Bd2 Bc5 23. Rc1 Bb6 24. Be3 Nb8 25. Rhd1 f6 26. Bxb6 axb6 27.
Rxd8 Rxd8 28. Rd1 Rxd1+ 29. Qxd1 Qb4 30. Qd3 Kc7 31. Nd2 Nd7 32. Qc3 Qd6 33. b4
Nf8 34. Kc2 Ne6 35. Nb3 Nf4 0-1

[Event "SC Hansa Dortmund 2 - Herforder SV Köni"]
[Site "NRW-Klasse, Gruppe 2 2015/201"]
[Date "2015.12.20"]
[Round "4.1"]
[White "Nordsieck, Thomas"]
[Black "Wegener, Olaf"]
[Result "0-1"]
[WhiteElo "2291"]
[BlackElo "2429"]
[PlyCount "110"]
[EventDate "2015.??.??"]
[WhiteTeam "Herforder SV Königsspringer 1"]
[BlackTeam "SC Hansa Dortmund 2"]

1. e4 c5 2. b4 cxb4 3. a3 e5 4. Nf3 Nc6 5. Bc4 Nf6 6. Ng5 d5 7. exd5 b5 8. Ba2
Nd4 9. d3 b3 10. cxb3 b4 11. O-O Qxd5 12. Nd2 Bb7 13. Nge4 Nd7 14. f3 Nf5 15.
Rf2 Ne3 16. Qe2 Nc2 17. Rb1 f5 18. Ng3 Nd4 19. Qe1 Bc5 20. Nc4 Nc2 21. Qd2
Bxf2+ 22. Qxf2 Nd4 23. axb4 O-O 24. Bb2 Nc6 25. Qd2 Kh8 26. Rd1 a6 27. h3 Rab8
28. Kh2 Bc8 29. Bc3 Nf6 30. Re1 f4 31. Ne4 Nxe4 32. dxe4 Qxd2 33. Bxd2 Be6 34.
Bc3 Bxc4 35. bxc4 Nxb4 36. Bb1 Nc6 37. Bc2 Rfd8 38. Ra1 Nd4 39. Bd1 Rbc8 40.
Ba5 Rd7 41. Rc1 Rb7 42. Ba4 Rc5 43. Bd8 Rb4 44. Be7 Rcxc4 45. Bxb4 Rxc1 46. Bd6
Rc4 47. Be8 Nc6 48. Bf7 Rc2 49. h4 g6 50. Kh3 Kg7 51. Bd5 Kf6 52. g3 fxg3 53.
Kxg3 Nd4 54. Bb7 a5 55. Ba6 Rc6 0-1

[Event "SC Hansa Dortmund 2 - Herforder SV Köni"]
[Site "NRW-Klasse, Gruppe 2 2015/201"]
[Date "2015.12.20"]
[Round "4.2"]
[White "Mainka, Romuald"]
[Black "Kirnos, Evgeni"]
[Result "1-0"]
[WhiteElo "2364"]
[BlackElo "2172"]
[PlyCount "135"]
[EventDate "2015.??.??"]
[WhiteTeam "SC Hansa Dortmund 2"]
[BlackTeam "Herforder SV Königsspringer 1"]

1. e4 e5 2. Bc4 d6 3. d3 Be7 4. Nf3 Nf6 5. O-O O-O 6. Re1 c6 7. Bb3 Qc7 8. c3
Nbd7 9. Nbd2 Nc5 10. Bc2 Ne6 11. Nf1 Re8 12. Ng3 g6 13. h3 Bf8 14. d4 Bg7 15.
Be3 Bd7 16. Qd2 Rad8 17. Rad1 Bc8 18. Qc1 b5 19. Ng5 Nxg5 20. Bxg5 Bb7 21. Bd3
Rc8 22. dxe5 dxe5 23. c4 bxc4 24. Bxc4 Nd7 25. Qe3 Nb6 26. Be2 f6 27. Qb3+ Kh8
28. Be3 Rcd8 29. a4 Bf8 30. Rxd8 Rxd8 31. a5 Nc8 32. a6 Ba8 33. Rc1 Kg7 34. Nf1
c5 35. Qc2 Nb6 36. Ng3 h5 37. Nf1 Rc8 38. Nd2 Qd7 39. Nc4 Nxc4 40. Bxc4 Qc6 41.
Rd1 Be7 42. f3 Rb8 43. b3 Qe8 44. Qf2 Rc8 45. Be6 Rc7 46. Rc1 Qb5 47. Bc4 Qb8
48. Rd1 Qb6 49. Rd3 Bc6 50. Rd2 Bb5 51. Qe2 Be8 52. f4 exf4 53. Bxf4 Rd7 54.
Rxd7 Bxd7 55. e5 Qd8 56. Qf3 Bc8 57. Be3 Qa5 58. exf6+ Bxf6 59. Qd1 Qc3 60.
Bxc5 Be5 61. Bf2 Bf5 62. Qe1 Qb2 63. Bxa7 Bd7 64. Bf2 Bc6 65. Bf1 Bd6 66. Qe6
Qd2 67. Qe3 Qa5 68. Qb6 1-0

[Event "SC Hansa Dortmund 2 - Herforder SV Köni"]
[Site "NRW-Klasse, Gruppe 2 2015/201"]
[Date "2015.12.20"]
[Round "4.4"]
[White "Schmittdiel, Eckhard"]
[Black "Wolf, Andre"]
[Result "1-0"]
[WhiteElo "2344"]
[BlackElo "2175"]
[PlyCount "59"]
[EventDate "2015.??.??"]
[WhiteTeam "SC Hansa Dortmund 2"]
[BlackTeam "Herforder SV Königsspringer 1"]

1. Nf3 d5 2. b3 Bg4 3. Bb2 Bxf3 4. gxf3 Nf6 5. e3 Nbd7 6. f4 e6 7. Bg2 g6 8. d3
Bg7 9. Nd2 O-O 10. Nf3 Nh5 11. Bxg7 Nxg7 12. c4 c6 13. d4 Qe7 14. O-O Nf5 15.
Qc2 Nd6 16. c5 Ne4 17. Ne5 f5 18. b4 a6 19. a4 Nxe5 20. dxe5 a5 21. f3 axb4 22.
fxe4 Ra5 23. exd5 Rxc5 24. Qb2 cxd5 25. Qxb4 Qc7 26. Rab1 Rc2 27. Qd6 Qc3 28.
Qxe6+ Kh8 29. Qxd5 Qxe3+ 30. Kh1 1-0

[Event "SC Hansa Dortmund 2 - Herforder SV Köni"]
[Site "NRW-Klasse, Gruppe 2 2015/201"]
[Date "2015.12.20"]
[Round "4.5"]
[White "Pieper-Emden, Carsten"]
[Black "Schroeder, Kevin"]
[Result "1/2-1/2"]
[WhiteElo "2170"]
[BlackElo "2217"]
[PlyCount "78"]
[EventDate "2015.??.??"]
[WhiteTeam "Herforder SV Königsspringer 1"]
[BlackTeam "SC Hansa Dortmund 2"]

1. c4 c5 2. Nc3 g6 3. g3 Bg7 4. Bg2 Nc6 5. e3 b6 6. Nge2 Bb7 7. O-O Nf6 8. b3
O-O 9. Bb2 Na5 10. Bxb7 Nxb7 11. Qc2 Rc8 12. e4 d6 13. Rad1 Qd7 14. d4 cxd4 15.
Nxd4 Nc5 16. Rfe1 a6 17. Qe2 Qb7 18. f3 Rfd8 19. Kg2 e6 20. Rd2 Bh6 21. Rdd1
Qe7 22. Bc1 Bg7 23. Bb2 Qb7 24. Rd2 Nh5 25. Qe3 Nf6 26. Red1 Ne8 27. Qg5 Bf6
28. Qe3 Qe7 29. Rc2 Rc7 30. h4 Bg7 31. Rdc1 Nf6 32. Rd1 Nfd7 33. Rcd2 Ne5 34.
Ba3 Nc6 35. Nxc6 Rxc6 36. Ne2 Rdc8 37. Nd4 R6c7 38. Ne2 Rd8 39. Bb4 Rcd7
1/2-1/2

[Event "SC Hansa Dortmund 2 - Herforder SV Köni"]
[Site "NRW-Klasse, Gruppe 2 2015/201"]
[Date "2015.12.20"]
[Round "4.6"]
[White "Kotter, Ralf"]
[Black "Quelle, Helmut"]
[Result "1-0"]
[WhiteElo "2285"]
[BlackElo "2098"]
[PlyCount "65"]
[EventDate "2015.??.??"]
[WhiteTeam "SC Hansa Dortmund 2"]
[BlackTeam "Herforder SV Königsspringer 1"]

1. e4 e6 2. d4 d5 3. e5 c5 4. c3 Nc6 5. Nf3 Nge7 6. Na3 cxd4 7. cxd4 Nf5 8. Nc2
Be7 9. Bd3 Bd7 10. O-O h5 11. Bd2 g5 12. Bc3 Rc8 13. Ne3 g4 14. Nxf5 exf5 15.
Ne1 f4 16. Nc2 Qb6 17. Kh1 Nd8 18. a3 Qh6 19. Nb4 Be6 20. Bd2 Bg5 21. Rc1 Rxc1
22. Bxc1 h4 23. Be2 a5 24. Na2 g3 25. h3 Bf5 26. Bg4 Qe6 27. Bxf5 Qxf5 28. Nc3
f3 29. Qxf3 Qxf3 30. gxf3 Bxc1 31. Rxc1 gxf2 32. Nxd5 Nc6 33. Ne3 1-0

[Event "SC Hansa Dortmund 2 - Herforder SV Köni"]
[Site "NRW-Klasse, Gruppe 2 2015/201"]
[Date "2015.12.20"]
[Round "4.7"]
[White "Bentel, Robin"]
[Black "Sundorf, Jannik"]
[Result "0-1"]
[WhiteElo "2035"]
[BlackElo "2103"]
[PlyCount "84"]
[EventDate "2015.??.??"]
[WhiteTeam "Herforder SV Königsspringer 1"]
[BlackTeam "SC Hansa Dortmund 2"]

1. e4 c5 2. Nf3 g6 3. Nc3 Bg7 4. d4 cxd4 5. Nxd4 Nc6 6. Be3 d6 7. Qd2 Nf6 8. f3
O-O 9. Bc4 Bd7 10. O-O-O Rb8 11. h4 Ne5 12. Bb3 b5 13. h5 Nc4 14. Bxc4 bxc4 15.
hxg6 fxg6 16. g4 Rf7 17. e5 dxe5 18. Nc6 Bxc6 19. Qxd8+ Rxd8 20. Rxd8+ Rf8 21.
Rxf8+ Bxf8 22. g5 Ng4 23. Bxa7 Bxf3 24. Rf1 Bc6 25. Bc5 h5 26. Rg1 Nh2 27. a4
Nf3 28. Rg3 Kf7 29. Nd1 Nd4 30. Re3 Bg7 31. a5 Ne6 32. Bb6 Nxg5 33. a6 h4 34.
Re2 Nf3 35. Nf2 Bh6+ 36. Kb1 Bf4 37. a7 Ke6 38. Nh3 g5 39. Rg2 Nd2+ 40. Kc1
Bxg2 41. Nxf4+ exf4 42. Kxd2 h3 0-1

[Event "SC Hansa Dortmund 2 - Herforder SV Köni"]
[Site "NRW-Klasse, Gruppe 2 2015/201"]
[Date "2015.12.20"]
[Round "4.8"]
[White "Berndt, Joachim"]
[Black "Loemker, Michael"]
[Result "1/2-1/2"]
[WhiteElo "2073"]
[BlackElo "2052"]
[PlyCount "68"]
[EventDate "2015.??.??"]
[WhiteTeam "SC Hansa Dortmund 2"]
[BlackTeam "Herforder SV Königsspringer 1"]

1. Nf3 g6 2. g3 Bg7 3. Bg2 e5 4. d3 Nc6 5. e4 Nf6 6. O-O O-O 7. c3 h6 8. Nbd2
d5 9. Re1 dxe4 10. dxe4 Be6 11. b4 a6 12. Qc2 Nd7 13. a4 Ne7 14. Nh4 Re8 15.
Nb3 Qc8 16. Be3 b6 17. Rad1 c5 18. bxc5 Nxc5 19. Nxc5 bxc5 20. a5 g5 21. Nf5
Nxf5 22. exf5 Bxf5 23. Qa4 e4 24. Qc4 Qe6 25. Qxe6 Rxe6 26. Rd5 Bxc3 27. Rc1
Re5 28. Rxe5 Bxe5 29. Rxc5 Re8 30. Bf1 Bc8 31. Rc6 f5 32. Bc4+ Kg7 33. Bxa6
Bxa6 34. Rxa6 f4 1/2-1/2

[Event "SG Bochum 2 - SF Lieme 1"]
[Site "NRW-Klasse, Gruppe 2 2015/201"]
[Date "2015.12.20"]
[Round "4.2"]
[White "Schlawin, Marlon"]
[Black "Wittke, Rene"]
[Result "1/2-1/2"]
[WhiteElo "2252"]
[BlackElo "2193"]
[Annotator "Hausrath,Daniel"]
[PlyCount "109"]
[EventDate "2015.??.??"]
[WhiteTeam "SG Bochum 2"]
[BlackTeam "SF Lieme 1"]

1. c4 Nf6 2. g3 e5 3. Bg2 c6 4. Nf3 e4 5. Nd4 d5 6. cxd5 cxd5 7. d3 Bb4+ 8. Nc3
O-O 9. O-O Re8 10. Bg5 h6 11. Bxf6 Qxf6 12. Qa4 Nc6 13. Nxc6 Bxc3 14. Nb4 Bd7
15. Qxd7 Bxb4 16. Qxb7 Rab8 17. Qxa7 Qxb2 18. dxe4 dxe4 19. Bxe4 Qxe2 20. Bd5
Qe7 21. Qxe7 Rxe7 22. Rab1 Bd6 23. Rbd1 Bc5 24. Bb3 Rbe8 25. Kg2 Re2 26. Kf3
R8e7 27. Rd8+ Kh7 28. Rd5 Ba7 29. Rf5 f6 30. h4 Rb2 31. h5 g6 32. Rxf6 gxh5 33.
Kg2 Rg7 34. Kh3 Bd4 35. Rf8 Rc7 36. Rf4 Rd2 37. Rf5 Kg6 38. Rf8 Re7 39. Bc4 Rc7
40. Bb3 Re7 41. Kg2 Kg7 $11 42. Rf4 Bb2 43. Rh1 Kg6 44. Bd1 Re5 45. Rfh4 Bd4
46. Rf4 Be3 47. Rf3 Bd4 48. a4 Rf5 49. Rxf5 Kxf5 50. Rf1 Kg5 51. Bf3 Ra2 52.
Bc6 h4 53. Kh3 Rxf2 54. gxh4+ Kf4 55. Rxf2+ 1/2-1/2

[Event "SG Bochum 2 - SF Lieme 1"]
[Site "NRW-Klasse, Gruppe 2 2015/201"]
[Date "2015.12.20"]
[Round "4.3"]
[White "Schaffarczyk, Andre"]
[Black "Tkachuk, Konstantyn"]
[Result "1-0"]
[WhiteElo "2091"]
[BlackElo "2259"]
[PlyCount "67"]
[EventDate "2015.??.??"]
[WhiteTeam "SF Lieme 1"]
[BlackTeam "SG Bochum 2"]

1. e4 c5 2. Nf3 d6 3. d4 cxd4 4. Nxd4 Nf6 5. Nc3 g6 6. Be3 Bg7 7. f3 O-O 8. Qd2
Nc6 9. O-O-O d5 10. exd5 Nxd5 11. Nxc6 bxc6 12. Bd4 e5 13. Bc5 Be6 14. Ne4 Rb8
15. h4 f5 16. Ng5 e4 17. b3 e3 18. Bxe3 Nxe3 19. Qxe3 Bd5 20. Bc4 Qa5 21. Bxd5+
cxd5 22. Qe6+ Kh8 23. Nf7+ Rxf7 24. Qxf7 Qc3 25. Qxd5 Rc8 26. Qd3 Qb2+ 27. Kd2
Bf6 28. Ke2 Rxc2+ 29. Rd2 Qe5+ 30. Qe3 Qb5+ 31. Qd3 Qe5+ 32. Qe3 Qb5+ 33. Kd1
Rc6 34. Qe8+ 1-0

[Event "SG Bochum 2 - SF Lieme 1"]
[Site "NRW-Klasse, Gruppe 2 2015/201"]
[Date "2015.12.20"]
[Round "4.4"]
[White "Kitte, Sebastian"]
[Black "Stork, Holger"]
[Result "1/2-1/2"]
[WhiteElo "2190"]
[BlackElo "2041"]
[PlyCount "50"]
[EventDate "2015.??.??"]
[WhiteTeam "SG Bochum 2"]
[BlackTeam "SF Lieme 1"]

1. d4 Nf6 2. c4 e6 3. Nc3 Bb4 4. e3 O-O 5. Bd3 d5 6. cxd5 exd5 7. Nge2 Bd6 8.
f3 c5 9. O-O Nc6 10. Kh1 cxd4 11. exd4 Re8 12. Bg5 Be6 13. Bc2 Be7 14. Qd2 Nh5
15. Bxe7 Qxe7 16. Ba4 Rac8 17. Rfe1 Qf6 18. Rac1 Red8 19. Bxc6 Rxc6 20. Na4
Rdc8 21. Rxc6 Rxc6 22. Nac3 g5 23. Qe3 Ng7 24. f4 g4 25. Qe5 Qxe5 1/2-1/2

[Event "SG Bochum 2 - SF Lieme 1"]
[Site "NRW-Klasse, Gruppe 2 2015/201"]
[Date "2015.12.20"]
[Round "4.5"]
[White "Niermann, Tristan"]
[Black "Werthebach, Felix"]
[Result "1/2-1/2"]
[WhiteElo "1995"]
[BlackElo "2140"]
[Annotator "Hausrath,Daniel"]
[PlyCount "100"]
[EventDate "2015.??.??"]
[WhiteTeam "SF Lieme 1"]
[BlackTeam "SG Bochum 2"]

1. d4 f5 2. c4 Nf6 3. Nf3 g6 4. g3 Bg7 5. Bg2 O-O 6. Nc3 d6 7. O-O Qe8 8. d5 a5
9. Nd4 Na6 10. b3 Bd7 11. Bb2 c6 12. Na4 e5 13. dxe6 Bxe6 14. Nxe6 Qxe6 15. Rc1
Rfe8 16. e3 Ne4 17. Bxg7 Kxg7 18. Qd4+ Qe5 19. Qxe5+ Rxe5 20. Rfd1 Rd8 21. Bxe4
fxe4 22. a3 Kf6 23. Rd4 Ke6 24. Rcd1 d5 25. cxd5+ cxd5 26. Rc1 Rd6 27. b4 $11
axb4 28. axb4 Rc6 29. Rxc6+ bxc6 30. Nc5+ Nxc5 31. bxc5 Kf5 32. Rb4 Re6 33. h3
Ke5 34. Kf1 Re7 35. Kg2 Ra7 36. Rb6 Rc7 37. Rb4 $11 Ke6 38. Rb8 Ra7 39. Rd8 Rd7
40. Rc8 d4 41. Rxc6+ Kd5 42. Rd6+ Rxd6 43. cxd6 Kxd6 44. exd4 Kd5 45. Kf1 Kxd4
46. Ke2 $11 g5 47. Kd2 h5 48. Ke2 h4 49. gxh4 gxh4 50. f4 exf3+ 1/2-1/2

[Event "SG Bochum 2 - SF Lieme 1"]
[Site "NRW-Klasse, Gruppe 2 2015/201"]
[Date "2015.12.20"]
[Round "4.6"]
[White "Tkachuk, Sergij"]
[Black "Stukenbrok, Nils"]
[Result "1/2-1/2"]
[WhiteElo "2125"]
[BlackElo "1959"]
[PlyCount "50"]
[EventDate "2015.??.??"]
[WhiteTeam "SG Bochum 2"]
[BlackTeam "SF Lieme 1"]

1. e4 c6 2. d4 d5 3. e5 Bf5 4. g4 Be4 5. f3 Bg6 6. h4 h5 7. e6 Qd6 8. exf7+
Bxf7 9. g5 Nd7 10. f4 e6 11. Bd3 Ne7 12. Nf3 Bg6 13. Bxg6+ Nxg6 14. Ne5 Ndxe5
15. fxe5 Qd7 16. Be3 O-O-O 17. Qd3 Ne7 18. Nd2 Nf5 19. O-O-O Kb8 20. c3 Qc7 21.
b4 a5 22. a3 b5 23. Rh3 g6 24. Nb3 a4 25. Nd2 Bg7 1/2-1/2